01396nam a2200361Ia 4500001001200000003000800012006001900020007001500039008004100054010001700095020001800112020001500130020001800145020001500163040002100178035002100199050002500220082001700245100002600262245013400288260004200422300001600464504005100480533015200531650003400683650003900717650004200756650004500798655002900843710001700872856012600889999001901015ebr10434935CaPaEBRm u cr cn|||||||||090924s2010 mdu sb 001 0 eng d z 2009038487 z9780765705778 z076570577X z9780765705785 z0765705788 aCaPaEBRcCaPaEBR a(OCoLC)69479300014aBF789.D4bS72 2010eb04a155.9/372221 aStein, Andrew,d1959-10aLonging for nothingnessh[electronic resource] :bresistance, denial, and the place of death in the nursing home /cAndrew Stein. aLanham, Md. :bJason Aronson,cc2010. avii, 189 p. aIncludes bibliographical references and index. aElectronic reproduction.bPalo Alto, Calif. :cebrary,d2011.nAvailable via World Wide Web.nAccess may be limited to ebrary affiliated libraries. 0aDeathxPsychological aspects. 0aNursing home patientsxPsychology. 0aNursing homesxPsychological aspects. 0aChronic diseasesxPsychological aspects. 7aElectronic books.2local2 aebrary, Inc.40uhttp://site.ebrary.com/lib/rucke/Doc?id=10434935zAn electronic book accessible through the World Wide Web; click to view c148687d148687